000 01112nam a2200337 c 4500
001 45828
003 ES-MaCES
005 20150929135611.0
008 150306s2013 sp 000 | spa d
017 _aM 12604-2013
_bDL
020 _a9788415061397
040 _aES-MaCES
_bspa
_cES-MaCES
245 0 3 _aLa participación financiera de las personas trabajadoras en la empresa
260 _aMadrid
_bFundación EOI
_c[2013]
300 _a192 p.
_bgráf. col.
_c24 cm
490 1 _aColección EOI medio ambiente
500 _aEn la port.: Empresa y personas
504 _aBibliografía: p. 179-192
541 _cGratuito
650 4 _aparticipación de los trabajadores
_928378
650 4 _aparticipación obrera por acciones
_928394
650 4 _aparticipación en los beneficios
_928385
650 4 _aEspaña
_926964
650 4 _arepertorio de recomendaciones prácticas
_929261
653 1 0 _aRelaciones laborales-Empleo
650 4 _928178
_aempresa
650 4 _926752
_aUE
710 2 _aEscuela de Organización Industrial
_92702
_eed.
902 _aLIB Libro
942 _2CES
_cBK
_h2.0.
999 _c45828
_d45828